Responses for show #7824 - Thursday, September 20, 2018

Kyle Jones game 7. Alex is clean-shaven.

Contestants

[<< previous game]

Amanda Levreault, a production manager from Chicopee, Massachusetts

Bucky McMahon, an adventure travel writer from Tallahassee, Florida

Kyle Jones, a music teacher from Aurora, Colorado (whose 6-day cash winnings total $127,203)

[next game >>]

Jeopardy! Round responses

SPACE PROBES
PRO FOOTBALL HALL OF FAMERS BY TEAM
TOYS & GAMES
HOW CHEAP WERE THEY?
READING
THE T LEAVES
    $200 26
(Amanda: What's Mars?)

the moon

KyleAmanda
    $200 13
the Steelers

Kyle
    $200 9
Operation

Amanda
    $200 6
Sweden

Amanda
    $200 1
Comey

Amanda
    $200 18
(Alex: A strong string is a twine. If you take the "T", the "T" gets loose, you're left with [*]. Now you understand the category.)

wine

Triple Stumper
    $400 27
Messenger

Kyle
    $400 16
the (Denver) Broncos

Kyle
    $400 10
Scrabble

Kyle
    $400 7
dot her i's

Kyle
    $400 2
(Amanda: Uh, [*]. Who is [*]?)

Macbeth

Amanda
    $400 19
(Alex: From blurt, yeah.)

blur

Kyle
    $600 28
[The end-of-round signal sounds.]

a comet

Kyle
    $600 23
the Giants

Kyle
    $600 11
Mr. Potato Head

Kyle
    $600 8
Charlie Chaplin

Bucky
    $600 3
the Golden State Killer

Triple Stumper
    $600 20
(Amanda: Um, sorry.)
...
(Alex: From mortal.)

moral

BuckyAmanda
    $800 24
the Chicago Bears

Kyle
    $800 12
Barrel of Monkeys

Amanda
    $800 15
(Bucky: Who is, uh, Silas Marner?)

Ebenezer Scrooge

BuckyAmanda
    $800 4
Dune

Kyle
    $800 21
(Alex: From stable.)

sable

Kyle
    $1000 25
the Dallas Cowboys

Amanda
    $2,400 14
Etch a Sketch

Kyle
    $1000 17
(Bucky: Who is Hearst?)
(Amanda: Who is Graham?)

John D. MacArthur

BuckyAmanda
Triple Stumper
    $1000 5
Virginia Woolf

Amanda
    $1000 22
(Alex: From bought, yes. With less than a minute now.)

a bough

Kyle

Scores at the first commercial break (after clue 15):

Kyle Bucky Amanda
$4,800 -$200 $3,600

Scores at the end of the Jeopardy! Round:

Kyle Bucky Amanda
$10,000 -$600 $2,800

Double Jeopardy! Round responses

ACTING THE PART
ISLANDS IN THE SEA
8-LETTER WORDS
ORANGE YOU GLAD
AUSTRALIAN HISTORY
(Jimmy: Some of the world's most inspiring art is in books and online.) (Kelly: But you can actually stand in front of it...)
ONLY AT THE METROPOLITAN MUSEUM OF ART
    $400 7
Jennifer Lawrence

Amanda
    $400 22
the Caribbean Sea

Amanda
    $400 6
obedient

Amanda
    $400 17
New Jersey

Bucky
    $400 16
the Aborigines

Amanda
    $400 1
the Medici

Kyle
    $800 8
Denzel Washington

Bucky
    $800 27
(Bucky: What is the Arctic?)

the Bering Sea

Bucky
Triple Stumper
    $800 9
picayune

Amanda
    $800 23
(Alex: With less than a minute now.)

a screwdriver

Kyle
    $800 18
Vietnam

Kyle
    $800 2
Vermeer

Kyle
    $1200 10
Will Smith

Amanda
    $1200 28
(Amanda: What is the Adriatic?)

the Aegean

BuckyAmanda
    $1200 13
(Bucky: What is a brig?)

stockade

Bucky
Triple Stumper
    $1200 24
Syracuse

Kyle
    $3,000 19
(Kyle: What is royalty?)

surfer

Kyle
    $1200 3
Vesuvius

Bucky
    $1600 11
Ewan McGregor

Amanda
    $1600 29
[The end-of-round signal sounds.]

the Baltic

Triple Stumper
    $1600 14
(Amanda: What is a... oh.)

a rickshaw

KyleAmanda
    $1600 25
yellow and red

Amanda
    $1600 20
wool (or sheep)

Bucky
    $1600 4
Isis

Kyle
    $2000 12
Zoe Saldana

Amanda
    $4,000 15
a firewall

Kyle
    $2000 26
William of Orange

Kyle
    $2000 21
Ned Kelly

Triple Stumper
    $2000 5
John Singer Sargent

Bucky

Scores at the end of the Double Jeopardy! Round:

Kyle Bucky Amanda
$20,200 $4,600 $8,800
(lock game)

[wagering suggestions for these scores]

Final Jeopardy! Round responses

FOLKLORE
BuckyWho is Merlin?
$4,600
AmandaWho is Confucius?
$401
KyleWho is Noah?
$2,000
the Buddha

Final scores:

Kyle Bucky Amanda
$18,200 $0 $8,399
7-day champion: $145,403 3rd place: $1,000 2nd place: $2,000

Game dynamics:

Coryat scores:

Kyle Bucky Amanda
$19,800 $4,600 $8,800
24 R
(including 2 DDs),
1 W
(including 1 DD)
8 R,
4 W
17 R,
5 W

Combined Coryat: $33,200

The J! Archive is created by fans, for fans. The Jeopardy! game show and all elements thereof, including but not limited to copyright and trademark thereto, are the property of Jeopardy Productions, Inc. and are protected under law. This website is not affiliated with, sponsored by, or operated by Jeopardy Productions, Inc. Join the discussion at JBoard.tv.